[Event "YUG-chT"]
[Site "Nis"]
[Date "1995.??.??"]
[Round "?"]
[White "Ivanisevic, Dusko"]
[Black "Djukic, Zeljko"]
[Result "0-1"]
[WhiteElo "2140"]
[BlackElo "2375"]
[PlyCount "80"]
[EventDate "1995.??.??"]
[EventType "team-swiss"]
[EventRounds "11"]
[EventCountry "YUG"]
[SourceTitle "EXT 2000"]
[Source "ChessBase"]
[SourceDate "1999.11.16"]
[SourceVersion "1"]
[SourceVersionDate "1999.11.16"]
[SourceQuality "1"]

1. e4 c5 2. Nf3 Nc6 3. d4 cxd4 4. Nxd4 Qc7 5. Nxc6 bxc6 6. Bd3 e5 7. 0-0 Nf6 8. Qe2 Be7 9. Be3 0-0 10. Nd2 d5 11. Bg5 Re8 12. c3 Nxe4 13. Nxe4 dxe4 14. Qxe4 Bxg5 15. Qxh7+ Kf8 16. Qh8+ Ke7 17. Qxg7 Bf6 18. Qg3 Be6 19. Be4 Rad8 20. Qe3 Rd6 21. Rad1 Red8 22. Rxd6 Rxd6 23. b4 Qb6 24. Qxb6 axb6 25. a4 Bc4 26. Re1 Bg5 27. Bf3 f6 28. a5 bxa5 29. bxa5 Bd2 30. Rb1 Bb5 31. c4 Bxc4 32. Rb7+ Ke6 33. Ra7 c5 34. Rc7 Bb4 35. h4 f5 36. Bb7 Kf6 37. Kh2 Ba6 38. Bxa6 Rxa6 39. Rh7 Kg6 40. Rh8 Bxa5 0-1